The pecan. (Record no. 8114)

MARC details
000 -LEADER
fixed length control field 00855cam a22002531 4500
001 - CONTROL NUMBER
control field agr12001179
003 - CONTROL NUMBER IDENTIFIER
control field DLC
005 - DATE AND TIME OF LATEST TRANSACTION
control field 20260227110934.0
007 - PHYSICAL DESCRIPTION FIXED FIELD--GENERAL INFORMATION
fixed length control field cr_|||||||||||
008 - FIXED-LENGTH DATA ELEMENTS--GENERAL INFORMATION
fixed length control field 930409s1912 dcua u000 0 eng
010 ## - LIBRARY OF CONGRESS CONTROL NUMBER
LC control number agr12001179
035 ## - SYSTEM CONTROL NUMBER
System control number (OCoLC)28098091
040 ## - CATALOGING SOURCE
Original cataloging agency DLC
Transcribing agency MdBJ
Modifying agency DLC
050 00 - LIBRARY OF CONGRESS CALL NUMBER
Classification number SB401
Item number .R5
100 1# - MAIN ENTRY--PERSONAL NAME
Personal name Reed, C. A.
Fuller form of name (Clarence Arthur),
Dates associated with a name 1880-1950.
245 04 - TITLE STATEMENT
Title The pecan.
Statement of responsibility, etc. By C. A. Reed ...
260 ## - PUBLICATION, DISTRIBUTION, ETC.
Place of publication, distribution, etc. Washington,
Name of publisher, distributor, etc. Govt. print. off.,
Date of publication, distribution, etc. 1912.
300 ## - PHYSICAL DESCRIPTION
Extent 58 p.,
Other physical details illus.
Dimensions 23 cm.
490 1# - SERIES STATEMENT
Series statement U.S. Dept. of agriculture. Bureau of plant industry. Bulletin
Volume/sequential designation no. 251
530 ## - ADDITIONAL PHYSICAL FORM AVAILABLE NOTE
Additional physical form available note Also available in digital form on the Internet Archive Web site.
650 #0 - SUBJECT ADDED ENTRY--TOPICAL TERM
Topical term or geographic name entry element Pecan.
810 1# - SERIES ADDED ENTRY--CORPORATE NAME
Corporate name or jurisdiction name as entry element United States.
Subordinate unit Bureau of Plant Industry.
Title of a work Bulletin.
Volume/sequential designation no. 251.
856 41 - ELECTRONIC LOCATION AND ACCESS
Uniform Resource Identifier <a href="http://hdl.loc.gov/loc.gdc/scd0001.00009189014">http://hdl.loc.gov/loc.gdc/scd0001.00009189014</a>

No items available.

Powered by Koha